[Event "SVR op"]
[Site "Nickenich"]
[Date "2015.04.02"]
[Round "5"]
[White "Klemens, Martina"]
[Black "Herbel, Niklas"]
[Result "1-0"]
[WhiteElo "1457"]
[BlackElo "1050"]
[PlyCount "59"]
[EventDate "2015.03.28"]
[EventType "swiss"]
[EventRounds "7"]
[EventCountry "GER"]
[SourceTitle "EXT 2016"]
[Source "ChessBase"]
[SourceDate "2015.10.08"]
[SourceVersion "1"]
[SourceVersionDate "2015.10.08"]
[SourceQuality "1"]

1. e4 e5 2. Nf3 Nc6 3. Bc4 Bc5 4. Nc3 Nf6 5. d3 h6 6. Be3 d6 7. Na4 b6 8. Bxc5 dxc5 9. Nc3 Bb7 10. 0-0 Qd7 11. Bb5 0-0-0 12. Nxe5 Qe6 13. Nxc6 Bxc6 14. Bxc6 Qxc6 15. Qe2 g5 16. a4 h5 17. Nb5 Kb7 18. Qe3 Rdg8 19. f3 h4 20. c4 Qd7 21. a5 a6 22. Nc3 Nh5 23. Nd5 Qe6 24. b4 cxb4 25. Nxb4 c5 26. Nd5 g4 27. axb6 gxf3 28. Qxf3 Qg4 29. Qxf7+ Kc8 30. Qc7# 1-0